The Awakening :Inspirational Quotes of Swami Vivekananda/ (Record no. 180011)

MARC details
000 -LEADER
fixed length control field 00615nam a22001817a 4500
005 - DATE AND TIME OF LATEST TRANSACTION
control field 20210720163851.0
010 ## - LCCN (DPL NO)
LC control number ENG-129601
020 ## - INTERNATIONAL STANDARD BOOK NUMBER
International Standard Book Number 978-81-7505-479-0
Terms of availability 140.00
035 ## - SYSTEM CONTROL NUMBER
System control number EN-113133
037 ## - SOURCE OF ACQUISITION
Source of stock number/acquisition DBAD/PUB
082 ## - DEWEY DECIMAL CLASSIFICATION NUMBER
Classification number 158.1
100 ## - MAIN ENTRY--PERSONAL NAME
Personal name Ramakrishna Math
245 ## - TITLE STATEMENT
Title The Awakening :Inspirational Quotes of Swami Vivekananda/
Statement of responsibility, etc By Ramakrishna Math
260 ## - PUBLICATION, DISTRIBUTION, ETC. (IMPRINT)
Place of publication, distribution, etc Champawat
Name of publisher, distributor, etc Swami Muktidananda
Date of publication, distribution, etc 2019
270 ## - ADDRESS
Address Swami Muktidananda, Adhyaksha,Advaita Ashrama Mayavati,
City Champawat
Postal code 262524
Electronic mail address mail@advaitaashrama.org
300 ## - PHYSICAL DESCRIPTION
Extent 128 p;
Dimensions 19cm(hbk)
942 ## - ADDED ENTRY ELEMENTS (KOHA)
Source of classification or shelving scheme Dewey Decimal Classification
Item type English Books
Classification part 158.1
Call number suffix MAT
Holdings
Withdrawn status Lost status Not for loan Collection code Home library Current library Date acquired Source of acquisition Cost, normal purchase price Full call number Barcode Copy number Cost, replacement price Koha item type
      Non-fiction Central Library Central Library 20/07/2021 DBAD/PUB 140.00 158.1 MAT EN-113133 1 140.00 English Books

© Delhi Public Library
Hit Counter
free hit counter